Introduction to Strategies for Organic Synthesis (Record no. 613720)
[ view plain ]
| 000 -LEADER | |
|---|---|
| fixed length control field | 01483cam a2200373 i 4500 |
| 001 - CONTROL NUMBER | |
| control field | 20098268 |
| 003 - CONTROL NUMBER IDENTIFIER | |
| control field | NUST |
| 005 - DATE AND TIME OF LATEST TRANSACTION | |
| control field | 20250515123108.0 |
| 008 - FIXED-LENGTH DATA ELEMENTS--GENERAL INFORMATION | |
| fixed length control field | 171026t20182018njua 001 0 eng c |
| 010 ## - LIBRARY OF CONGRESS CONTROL NUMBER | |
| LC control number | 2017046041 |
| 020 ## - INTERNATIONAL STANDARD BOOK NUMBER | |
| International Standard Book Number | 9781119347248 |
| Qualifying information | (pbk.) |
| 040 ## - CATALOGING SOURCE | |
| Original cataloging agency | WaSeSS/DLC |
| Language of cataloging | eng |
| Transcribing agency | WaSeSS |
| Description conventions | rda |
| Modifying agency | DLC |
| 042 ## - AUTHENTICATION CODE | |
| Authentication code | pcc |
| 050 00 - LIBRARY OF CONGRESS CALL NUMBER | |
| Classification number | QD262 |
| Item number | .S812 2018 |
| 082 00 - DEWEY DECIMAL CLASSIFICATION NUMBER | |
| Classification number | 547.2 |
| Edition number | 23 |
| Author Mark | STA |
| 100 1# - MAIN ENTRY--PERSONAL NAME | |
| Personal name | Starkey, Laurie Shaffer, |
| Dates associated with a name | 1969- |
| Relator term | author. |
| 9 (RLIN) | 128959 |
| 245 10 - TITLE STATEMENT | |
| Title | Introduction to Strategies for Organic Synthesis |
| Statement of responsibility, etc. | Laurie S. Starkey, California State Polytechnic University, Pomona, CA, USA. |
| 250 ## - EDITION STATEMENT | |
| Edition statement | Second edition. |
| 264 #1 - PRODUCTION, PUBLICATION, DISTRIBUTION, MANUFACTURE, AND COPYRIGHT NOTICE | |
| Place of production, publication, distribution, manufacture | Hoboken, NJ : |
| Name of producer, publisher, distributor, manufacturer | Wiley, |
| Date of production, publication, distribution, manufacture, or copyright notice | 2018. |
| 300 ## - PHYSICAL DESCRIPTION | |
| Extent | xxi, 399 pages : |
| Other physical details | illustrations ; |
| Dimensions | 23 cm |
| 336 ## - CONTENT TYPE | |
| Content type term | text |
| Source | rdacontent |
| 337 ## - MEDIA TYPE | |
| Media type term | unmediated |
| Source | rdamedia |
| 338 ## - CARRIER TYPE | |
| Carrier type term | volume |
| Source | rdacarrier |
| 440 ## - SERIES STATEMENT/ADDED ENTRY--TITLE | |
| Title | Introduction to Strategies for Organic Synthesis |
| 9 (RLIN) | 128960 |
| 500 ## - GENERAL NOTE | |
| General note | Includes index. |
| 590 ## - LOCAL NOTE (RLIN) | |
| Linkage (RLIN) | xn11 2018-09-24 1 copy |
| 600 ## - SUBJECT ADDED ENTRY--PERSONAL NAME | |
| Personal name | Laurie S. Starkey, |
| 9 (RLIN) | 128961 |
| 650 #0 - SUBJECT ADDED ENTRY--TOPICAL TERM | |
| Topical term or geographic name entry element | Organic compounds |
| General subdivision | Synthesis. |
| 9 (RLIN) | 128962 |
| 700 ## - ADDED ENTRY--PERSONAL NAME | |
| Personal name | Laurie S. Starkey, |
| 9 (RLIN) | 128961 |
| 776 08 - ADDITIONAL PHYSICAL FORM ENTRY | |
| Main entry heading | Starkey, Laurie Shaffer, 1969- author. |
| Title | Introduction to strategies for organic synthesis |
| Edition | Second edition. |
| Place, publisher, and date of publication | Hoboken, NJ : John Wiley & Sons, 2018 |
| International Standard Book Number | 9781119347231 |
| Record control number | (DLC) 2017052512 |
| 906 ## - LOCAL DATA ELEMENT F, LDF (RLIN) | |
| a | 7 |
| b | cbc |
| c | orignew |
| d | 1 |
| e | ecip |
| f | 20 |
| g | y-gencatlg |
| 942 ## - ADDED ENTRY ELEMENTS (KOHA) | |
| Source of classification or shelving scheme | |
| Koha item type | Book |
| Edition | 2nd |
| Call number prefix | 547.2 |
| Call number suffix | 547.2 STA2018 |
No items available.
